Republic of Kazakhstan : Selected Issues and Statistical Appendix.

The paper provides information on recent economic developments in Kazakhstan. Adoption of the new budget system law was an important step toward a more transparent and stable system of intergovernmental fiscal relations in Kazakhstan. Good progress has been made by the government to implement the ke...

Cijeli opis

Bibliografski detalji
Autor kompanije: International Monetary Fund
Format: Žurnal
Jezik:English
Izdano: Washington, D.C. : International Monetary Fund, 2000.
Serija:IMF Staff Country Reports; Country Report ; No. 2000/029
Online pristup:Full text available on IMF
LEADER 01586cas a2200241 a 4500
001 AALejournalIMF001149
008 230101c9999 xx r poo 0 0eng d
020 |c 5.00 USD 
020 |z 9781451820805 
022 |a 1934-7685 
040 |a BD-DhAAL  |c BD-DhAAL 
110 2 |a International Monetary Fund. 
245 1 0 |a Republic of Kazakhstan :   |b Selected Issues and Statistical Appendix. 
264 1 |a Washington, D.C. :  |b International Monetary Fund,  |c 2000. 
300 |a 1 online resource (137 pages) 
490 1 |a IMF Staff Country Reports 
500 |a <strong>Off-Campus Access:</strong> No User ID or Password Required 
500 |a <strong>On-Campus Access:</strong> No User ID or Password Required 
506 |a Electronic access restricted to authorized BRAC University faculty, staff and students 
520 3 |a The paper provides information on recent economic developments in Kazakhstan. Adoption of the new budget system law was an important step toward a more transparent and stable system of intergovernmental fiscal relations in Kazakhstan. Good progress has been made by the government to implement the key elements of the legal framework for an efficient financial sector. The paper focuses on two of the shocks, the fall in the terms of trade and the real effective appreciation of the Tenge. The statistical data are also presented. 
538 |a Mode of access: Internet 
830 0 |a IMF Staff Country Reports; Country Report ;  |v No. 2000/029 
856 4 0 |z Full text available on IMF  |u http://elibrary.imf.org/view/journals/002/2000/029/002.2000.issue-029-en.xml  |z IMF e-Library